000 00665nam a2200205 a 4500
001 000022846
005 20200930021831.0
008 101119s1969 ve r 001 f spa d
040 _aDO-SdBNP
_bspa
_cBNPHU
082 _a883.1
_bT431h
100 1 _aThiele, Guillermo,
_99732
245 1 0 _aHomero y su iliada /
_cGuillermo Thiele.
260 _aCaracas :
_bMonte Avila Editores,
_c1969.
300 _a131 p. ;
_c19 cm.
504 _aIncluye referencias bibliográficas y notas al pie de las páginas.
650 4 _aPoesía epica griega
_927065
650 4 _aHistoria y crítica
_946954
650 4 _aLiteratura griega
_xHistoria y crítica
_928930
049 _aBNGR
999 _c22343
_d22343